| 000 | 00631nam a2200181Ia 4500 | ||
|---|---|---|---|
| 008 | 100917s9999 xx 000 0 und d | ||
| 082 | _b33913 | ||
| 100 | _aजागीरदार प्र. ज. | ||
| 245 | _aकाही विचारवंत काही इतिहास | ||
| 260 |
_bराधेय प्रकाशन _c1978 |
||
| 300 | _a116 | ||
| 365 | _b15 | ||
| 520 | _aनिबंध | ||
| 630 | _aकाही विचारवंत काही इतिहास | ||
| 650 | _aनिबंध | ||
| 730 | _aकाही विचारवंत काही इतिहास | ||
| 942 | _cBOOK | ||
| 999 |
_c639307 _d639304 |
||